00920nam a2200253Ia 4500003000400000005001700004008004100021020001800062040001800080041000800098082002100106100002200127245007100149250001200220260004900232300003300281650004600314650002900360650003400389700002800423942003000451999001900481952016600500OSt20251118150703.0210716s2007 xx 000 0 und d a9788184720044 cAIMIT LIBRARY aeng a005.82 21bAZAH aAzath, H.9246261 aCryptography and network security /cBy H Azath and M Dhurga Devi. a1st ed. aKumbakonam :bAnuradha Publications ,c2007. a5.32,G-3,10p. ;bPBc24.9 cm aAuthentication and hash function 9246262 aNetwork security9246263 aSystem level security9246264 aDevi, M Dhurga.9246265 2ddccBKe1stk005.82 AZAH c189672d189672 00102ddc40708MCAaAIMITbAIMITeAthulya Booksg110.00iBill no:ABK173; Bill dt:2009-07-l0o005.82 AZAHpMCA09180r2026-05-23 00:00:00v82.50w2021-07-16yBK